[Event "AUT-chT2W 0001"]
[Site "Austria"]
[Date "2000.11.25"]
[Round "4.4"]
[White "Natter, Markus"]
[Black "Genduso, Carmelo"]
[Result "0-1"]
[WhiteElo "2088"]
[BlackElo "2195"]
[PlyCount "40"]
[EventDate "2000.??.??"]
[EventType "team"]
[EventRounds "9"]
[EventCountry "AUT"]
[SourceTitle "EXT 2002"]
[Source "ChessBase"]
[SourceDate "2001.11.25"]
[SourceVersion "1"]
[SourceVersionDate "2001.11.25"]
[SourceQuality "1"]

1. d4 Nf6 2. Bg5 Ne4 3. Bf4 c5 4. f3 Qa5+ 5. c3 Nf6 6. d5 e6 7. dxe6 fxe6 8. e4 Nc6 9. Nd2 d5 10. Bd3 Be7 11. Ne2 0-0 12. Qb1 c4 13. Bc2 e5 14. Bg3 Be6 15. exd5 Qxd5 16. Nxc4 Rad8 17. Qc1 e4 18. Ne3 Qb5 19. Nf4 exf3 20. Nxe6 Qe2# 0-1

[Event "AUT-chT2W 0001"]
[Site "Austria"]
[Date "2000.10.28"]
[Round "2.3"]
[White "Genduso, Carmelo"]
[Black "Kratochwil, Christian"]
[Result "1/2-1/2"]
[WhiteElo "2195"]
[BlackElo "2250"]
[PlyCount "63"]
[EventDate "2000.??.??"]
[EventType "team"]
[EventRounds "9"]
[EventCountry "AUT"]
[SourceTitle "EXT 2002"]
[Source "ChessBase"]
[SourceDate "2001.11.25"]
[SourceVersion "1"]
[SourceVersionDate "2001.11.25"]
[SourceQuality "1"]

1. e4 c5 2. Nf3 Nc6 3. Bb5 g6 4. 0-0 Bg7 5. c3 Nf6 6. d4 d5 7. exd5 Nxd5 8. c4 Nc7 9. dxc5 0-0 10. Qb3 Ne6 11. Bxc6 bxc6 12. Qa3 Nd4 13. Nxd4 Qxd4 14. Nc3 Qxc4 15. Re1 Be6 16. Bg5 Rfd8 17. Re4 Qd3 18. Re3 Qf5 19. Bxe7 Rd2 20. Rf3 Qc2 21. h3 Bd4 22. Bh4 Qxb2 23. Qxb2 Rxb2 24. Rd3 Bg7 25. Ne4 f5 26. Nf6+ Kf7 27. Nxh7 Bd5 28. Re1 Rb7 29. a3 Re8 30. Ng5+ Kf8 31. Nh7+ Kf7 32. Ng5+ 1/2-1/2

[Event "AUT-chT2W 9900"]
[Site "Austria"]
[Date "1999.11.20"]
[Round "5"]
[White "Gerhold, Michael"]
[Black "Genduso, Carmelo"]
[Result "1-0"]
[WhiteElo "2210"]
[BlackElo "2210"]
[PlyCount "68"]
[EventDate "1999.10.15"]
[EventType "team"]
[EventRounds "11"]
[EventCountry "AUT"]
[SourceTitle "EXT 2000"]
[Source "ChessBase"]
[SourceDate "1999.11.16"]
[SourceVersion "1"]
[SourceVersionDate "1999.11.16"]
[SourceQuality "1"]

1. e4 d6 2. d4 Nf6 3. Nc3 c6 4. g3 b5 5. a3 Qa5 6. Bd2 Qb6 7. e5 dxe5 8. dxe5 Ng4 9. Qe2 h5 10. h3 Nh6 11. Be3 Qa5 12. b4 Qc7 13. Bf4 e6 14. Bg2 a5 15. Rb1 axb4 16. axb4 Ra3 17. Ne4 Nf5 18. Nf3 Be7 19. 0-0 Nd7 20. Rfd1 Nb6 21. Nd6+ Bxd6 22. exd6 Qa7 23. Ne5 Nd5 24. Nxc6 Nxf4 25. Qxb5 Qd7 26. gxf4 f6 27. Qc5 Kf7 28. b5 Ra4 29. Nb8 Qd8 30. d7 Bb7 31. Nc6 Qc7 32. d8Q Rxd8 33. Nxd8+ Qxd8 34. Rxd8 Bxg2 1-0

[Event "AUT-chT3 9899"]
[Site "Austria"]
[Date "1998.11.06"]
[Round "4"]
[White "Genduso, Carmelo"]
[Black "Tschohl, Christof"]
[Result "1-0"]
[WhiteElo "2210"]
[BlackElo "2125"]
[PlyCount "63"]
[EventDate "1998.??.??"]
[EventType "team"]
[EventRounds "9"]
[EventCountry "AUT"]
[SourceTitle "EXT 2002"]
[Source "ChessBase"]
[SourceDate "2001.11.25"]
[SourceVersion "1"]
[SourceVersionDate "2001.11.25"]
[SourceQuality "1"]

1. e4 c5 2. Nc3 Nc6 3. g3 g6 4. Bg2 Bg7 5. d3 Nf6 6. f4 d6 7. Nf3 0-0 8. 0-0 Rb8 9. h3 b5 10. a3 Nd7 11. g4 b4 12. axb4 cxb4 13. Ne2 Qb6+ 14. Kh1 a5 15. c3 Ba6 16. d4 Rfc8 17. Re1 Bb5 18. f5 Na7 19. fxg6 hxg6 20. Nf4 e6 21. cxb4 axb4 22. Be3 Rb7 23. d5 Nc5 24. dxe6 Bxb2 25. exf7+ Rxf7 26. Ng5 Rxf4 27. Bxf4 Bxa1 28. Qd5+ Kh8 29. Rxa1 Nd3 30. Qf7 Qc7 31. Qxg6 Rf8 32. Bxd6 1-0

[Event "Wuerzburg op 10th"]
[Site "Wuerzburg"]
[Date "1994.??.??"]
[Round "7"]
[White "Genduso, Carmelo"]
[Black "Michalczak, Thomas"]
[Result "1-0"]
[WhiteElo "2220"]
[BlackElo "2290"]
[PlyCount "31"]
[EventDate "1994.??.??"]
[EventType "swiss"]
[EventRounds "7"]
[EventCountry "GER"]
[SourceTitle "EXT 2000"]
[Source "ChessBase"]
[SourceDate "1999.11.16"]
[SourceVersion "1"]
[SourceVersionDate "1999.11.16"]
[SourceQuality "1"]

1. e4 e5 2. Bc4 Nc6 3. Nf3 Nf6 4. d4 exd4 5. 0-0 Nxe4 6. Re1 d5 7. Bxd5 Qxd5 8. Nc3 Qh5 9. Nxe4 Be6 10. Bg5 Bb4 11. c3 dxc3 12. bxc3 Ba5 13. h4 Qg4 14. Qb1 Bb6 15. Nh2 Qh5 16. g4 1-0

[Event "Wuerzburg op 10th"]
[Site "Wuerzburg"]
[Date "1994.??.??"]
[Round "2"]
[White "Genduso, Carmelo"]
[Black "Siepelt, Heiner"]
[Result "0-1"]
[WhiteElo "2220"]
[BlackElo "2360"]
[PlyCount "88"]
[EventDate "1994.??.??"]
[EventType "swiss"]
[EventRounds "7"]
[EventCountry "GER"]
[SourceTitle "EXT 2000"]
[Source "ChessBase"]
[SourceDate "1999.11.16"]
[SourceVersion "1"]
[SourceVersionDate "1999.11.16"]
[SourceQuality "1"]

1. e4 g6 2. d4 Bg7 3. c3 d5 4. exd5 Qxd5 5. Be2 c5 6. dxc5 Qxc5 7. Be3 Qc7 8. Nf3 Nf6 9. Na3 a6 10. 0-0 Nbd7 11. Re1 0-0 12. h3 b6 13. Nd2 Bb7 14. Bf3 Nd5 15. Nf1 Nxe3 16. Nxe3 Rad8 17. Bxb7 Qxb7 18. Qd5 Qc8 19. Qb3 e6 20. Nec4 Qc7 21. Rad1 b5 22. Ne3 Nc5 23. Qc2 Na4 24. c4 Nxb2 25. Rxd8 Rxd8 26. cxb5 Qa5 27. Re2 Qxa3 28. b6 Qb4 29. Qc7 Qd6 30. Qa7 Nc4 31. Nxc4 Qd1+ 32. Kh2 Qxe2 33. Qc7 Qd3 34. b7 Qd4 35. b8Q Rxb8 36. Qxb8+ Bf8 37. Qc8 Qxf2 38. Qxa6 Kg7 39. a4 Bc5 40. Qb5 Qf4+ 41. Kh1 Qf1+ 42. Kh2 Bg1+ 43. Kg3 Qf2+ 44. Kg4 f5+ 0-1